MARC details
| 000 -LEADER |
| campo de control de longitud fija |
04926nam a2200637 i 4500 |
| 001 - NÚMERO DE CONTROL |
| campo de control |
196028 |
| 003 - IDENTIFICADOR DE NÚMERO DE CONTROL |
| campo de control |
ES-MaACL |
| 005 - FECHA Y HORA DE LA ÚLTIMA TRANSACCIÓN |
| campo de control |
20250815010155.0 |
| 006 - CÓDIGOS DE INFORMACIÓN DE LONGITUD FIJA--CARACTERÍSTICAS DEL MATERIAL ADICIONAL |
| campo de control de longitud fija |
m o d |
| 007 - CAMPO FIJO DE DESCRIPCIÓN FÍSICA--INFORMACIÓN GENERAL |
| campo de control de longitud fija |
cr#un####uuuua |
| 008 - DATOS DE LONGITUD FIJA--INFORMACIÓN GENERAL |
| campo de control de longitud fija |
240810s2022 ne ob 001 0 eng d |
| 010 ## - NÚMERO DE CONTROL DE LA BIBLIOTECA DEL CONGRESO |
| Número de control de LC |
2021061481 |
| 017 ## - NÚMERO DE COPYRIGHT O DE DEPÓSITO LEGAL |
| Número de copyright o de depósito legal |
9789004504660 |
| 020 ## - NÚMERO INTERNACIONAL ESTÁNDAR DEL LIBRO |
| Número Internacional Estándar del Libro |
9004508457 |
| 024 7# - IDENTIFICADOR DE OTROS ESTÁNDARES |
| Número estándar o código |
10.1163/9789004508453 |
| Fuente del número o código |
DOI |
| 035 ## - NÚMERO DE CONTROL DEL SISTEMA |
| Número de control de sistema |
(CKB)5700000000083545 |
| 035 ## - NÚMERO DE CONTROL DEL SISTEMA |
| Número de control cancelado/no válido |
(OCoLC)1295837705 |
| 035 ## - NÚMERO DE CONTROL DEL SISTEMA |
| Número de control de sistema |
9918297917604201 |
| 035 ## - NÚMERO DE CONTROL DEL SISTEMA |
| Número de control de sistema |
(nllekb)BRILL9789004508453 |
| 035 ## - NÚMERO DE CONTROL DEL SISTEMA |
| Número de control de sistema |
(MiAaPQ)EBC31217669 |
| 035 ## - NÚMERO DE CONTROL DEL SISTEMA |
| Número de control de sistema |
(Au-PeEL)EBL31217669 |
| 035 ## - NÚMERO DE CONTROL DEL SISTEMA |
| Número de control de sistema |
(EXLCZ)995700000000083545 |
| 040 ## - FUENTE DE CATALOGACIÓN |
| Centro catalogador/agencia de origen |
NL-LeKB |
| Centro/agencia transcriptor |
NL-LeKB |
| Normas de descripción |
rda |
| Lengua de catalogación |
spa |
| 043 ## - CÓDIGO DE ÁREA GEOGRÁFICA |
| Código de área geográfica |
e-pl--- |
| 050 00 - SIGNATURA TOPOGRÁFICA DE LA BIBLIOTECA DEL CONGRESO |
| Número de clasificación |
N7483.R228 |
| 072 #7 - CÓDIGO DE CATEGORÍA DE MATERIA |
| Código de categoría de materia |
AC |
| Fuente |
bicssc |
| 072 #7 - CÓDIGO DE CATEGORÍA DE MATERIA |
| Código de categoría de materia |
ART |
| Subdivisión del código de categoría de materia |
015000 |
| Fuente |
bisacsh |
| 082 00 - NÚMERO DE LA CLASIFICACIÓN DECIMAL DEWEY |
| Número de clasificación |
709.2 |
| -- |
B |
| Número de edición |
23/eng/20220208 |
| 100 ## - ENTRADA PRINCIPAL--NOMBRE DE PERSONA |
| Nombre de persona |
Mencfel, Michał |
| 9 (RLIN) |
238015 |
| Término indicativo de función/relación |
Autor |
| 240 10 - TÍTULO UNIFORME |
| Título uniforme |
Athanasius Raczyński (1788-1874). |
| Lenguaje de la obra |
English |
| 245 10 - MENCIÓN DEL TÍTULO |
| Título |
Athanasius Raczynski (1788-1874). Aristocrat, Diplomat, and Patron of the Arts / |
| Mención de responsabilidad, etc. |
Michal Mencfel. |
| 250 ## - MENCION DE EDICION |
| Mención de edición |
Primera edición |
| 264 #1 - PRODUCCIÓN, PUBLICACIÓN, DISTRIBUCIÓN, FABRICACIÓN Y COPYRIGHT |
| Producción, publicación, distribución, fabricación y copyright |
Leiden ; |
| -- |
Boston : |
| Nombre del de productor, editor, distribuidor, fabricante |
Brill, |
| Fecha de producción, publicación, distribución, fabricación o copyright |
2022. |
| 300 ## - DESCRIPCIÓN FÍSICA |
| Extensión |
554 pág : |
| Otras características físicas |
il ; |
| Dimensiones |
24 cm. |
| 336 ## - TIPO DE CONTENIDO |
| Término de tipo de contenido |
texto |
| Código de tipo de contenido |
txt |
| Fuente |
rdacontent |
| 337 ## - TIPO DE MEDIO |
| Nombre/término del tipo de medio |
ordenador |
| Código del tipo de medio |
c |
| Fuente |
rdamedia |
| 338 ## - TIPO DE SOPORTE |
| Nombre/término del tipo de soporte |
recurso en línea |
| Fuente |
rdacarrier |
| 490 1# - MENCIÓN DE SERIE |
| Mención de serie |
Early Modern History and Modern History E-Books Online, Collection 2022 |
| 504 ## - NOTA DE BIBLIOGRAFÍA, ETC. |
| Nota de bibliografía, etc. |
Incluye referencias bibliográficas e índice. |
| 505 0# - NOTA DE CONTENIDO CON FORMATO |
| Nota de contenido con formato |
Contents -- Abbreviations -- List of Figures -- Introduction -- 1 Polyoptric Portrait -- 2 Sources -- 3 State of Research -- 4 Acknowledgements -- part 1: Formation -- 1 Grandfather Kazimierz Raczyński -- 1 His Guardian's Long Shadow -- 2 Traitor? -- 3 Family and Fatherland -- 4 Three Principles -- 2 Brothers -- 1 No One Else -- 2 Mirror -- 3 Herr Bruder, Write to Me -- 4 My Poor, Poor Brother! -- 3 Apprenticeship and Journeyman Years -- 1 The Fist, Rod, and Cane, or Education -- 2 'A Model Young Pole' -- 3 In Warsaw Circles -- 4 Smelling of the Antechamber -- 4 Rapture -- 1 Wasteful Times -- 2 Melancholy Self-Portrait -- 3 Wertherism -- 4 A Keen Eye -- part 2: Politics -- 5 The Aristocrat -- 1 Decorum -- 2 Estate -- 3 A Scandalous Picture: The Fiasco of Family Politics -- 4 Manifesto: The Portrait Gallery in Gaj -- 6 Political Creed -- 1 The Flight from Warsaw in 1794: The Spectre of Revolution -- 2 The Last Absolutist -- 3 Attitude towards the November Uprising in the Kingdom of Poland -- 4 Cara Patria: Being Polish as a Burden and a Challenge -- 7 A Pole in Berlin -- 1 Decision -- 2 'A Nobleman of the First Class' -- 3 A Good Catholic and a Pole -- 4 The Old Count -- 8 Diplomat -- 1 Early Endeavours -- 2 The Power of Circumstances or 'a Place Apart'? -- 3 Iberia -- 4 Friendships: Juan Donoso Cortés and Alphonse de Brotty d'Antioche -- part 3: Art -- 9 Raczyński as an Artist -- 1 Picturesque and Sublime Nature -- 2 The Romantic Landscape -- 3 Travel Notes -- 4 Views of Architecture -- 10 Aesthetic Views, Writings on Art, Patronage -- 1 Basic Concepts: Beauty and Taste -- 2 Modern German Painting -- 3 Writings on Art -- 4 Raczyński's Friend Wilhelm Kaulbach -- 11 Collector -- 1 The Queen of the Elves -- 2 Italian Journey -- 3 A Single Goal -- 4 Contemporary Painting -- 12 The Gallery -- 1 A Temple to Art -- 2 A Joint Undertaking: The Gallery in Poznań -- 3 A Small but Tasteful Picture Gallery -- 4 The Museum: 2 Exercierplatz -- Conclusion -- Athanasius Raczyński: Timetable -- Bibliography -- Index. |
| 506 0# - NOTA DE RESTRICCIONES AL ACCESO |
| Terminología normalizada para las restricciones de acceso |
Acceso en línea sin restricciones |
| Fuente del término |
star |
| 520 ## - RESUMEN, ETC. |
| Sumario, etc. |
"This book depicts the long rich life and wide ranging work of Count Athanasius Raczyński (1788-1874). By exploring his complex personality, his processes of thought and his accomplishments, it reveals a man at once a wealthy aristocrat, a Pole in the Prussian diplomatic service, an active participant in and perceptive observer and critical commentator on political life, a connoisseur and art collector of European renown, and the author of ground breaking studies on German and Portuguese art - in short a distinguished and fascinating nineteenth century figure"-- |
| Fuente proveedora |
Editorial |
| 588 ## - NOTA DE FUENTE DE LA DESCRIPCIÓN |
| Nota de fuente de la descripción |
Description based on print version record. |
| 600 10 - PUNTO DE ACCESO ADICIONAL DE MATERIA--NOMBRE DE PERSONA |
| Nombre de persona |
Raczyński, Atanazy, |
| Títulos y otros términos asociados al nombre |
hrabia, |
| Fechas asociadas al nombre |
1788-1874. |
| 9 (RLIN) |
238016 |
| 650 #0 - PUNTO DE ACCESO ADICIONAL DE MATERIA--TÉRMINO DE MATERIA |
| Término de materia o nombre geográfico como elemento de entrada |
Historiadores del arte- |
| Subdivisión geográfica |
Polonia |
| 9 (RLIN) |
238017 |
| 650 #0 - PUNTO DE ACCESO ADICIONAL DE MATERIA--TÉRMINO DE MATERIA |
| Término de materia o nombre geográfico como elemento de entrada |
Diplomáticos- |
| Subdivisión geográfica |
Polonia- |
| Subdivisión de forma |
Biografía |
| 9 (RLIN) |
238018 |
| 650 #0 - PUNTO DE ACCESO ADICIONAL DE MATERIA--TÉRMINO DE MATERIA |
| Término de materia o nombre geográfico como elemento de entrada |
Estadista- |
| Subdivisión geográfica |
Polonia- |
| Subdivisión de forma |
Biografía |
| 9 (RLIN) |
238019 |
| 776 ## - ENTRADA DE FORMULARIO FÍSICO ADICIONAL |
| Número Internacional Estándar del Libro |
90-04-50466-4 |
| 830 ## - PUNTO DE ACCESO ADICIONAL DE SERIE-TÍTULO UNIFORME |
| Título uniforme |
Early Modern History and Modern History E-Books Online, Collection 2022 |
| 9 (RLIN) |
238020 |
| 852 ## - LOCALIZACIÓN |
| Ubicación |
ES-MaACL |
| Sublocalización o colección |
R.153502 |
| Ubicación en estantería |
Depósito J |
| Número de control de estantería |
N-9155 |
| Donativo/Legado |
Donación: Editorial |
| Encuadernación |
Encuadernación cartoné |
| itemnumber |
205051 |
| 942 ## - ELEMENTOS DE ENTRADA SECUNDARIOS (KOHA) |
| Tipo de ítem Koha |
Libro impreso |
| Suprimir en OPAC |
No |